FOLK MUSIC (Record no. 22423)

MARC details
000 -LEADER
fixed length control field 00511nam a22001937a 4500
003 - CONTROL NUMBER IDENTIFIER
control field OSt
005 - DATE AND TIME OF LATEST TRANSACTION
control field 20260519094131.0
008 - FIXED-LENGTH DATA ELEMENTS--GENERAL INFORMATION
fixed length control field 260519b |||||||| |||| 00| 0 eng d
020 ## - INTERNATIONAL STANDARD BOOK NUMBER
International Standard Book Number 0-87196-720-0
040 ## - CATALOGING SOURCE
Transcribing agency Chuka University Library
050 ## - LIBRARY OF CONGRESS CALL NUMBER
Classification number ML 3545 .L5 1983
100 ## - MAIN ENTRY--PERSONAL NAME
Personal name Lifton Sarah
9 (RLIN) 25370
245 ## - TITLE STATEMENT
Title FOLK MUSIC
260 ## - PUBLICATION, DISTRIBUTION, ETC.
Place of publication, distribution, etc. New York
Name of publisher, distributor, etc. Facts On File
Date of publication, distribution, etc. 1983
300 ## - PHYSICAL DESCRIPTION
Extent 140 P.
650 ## - SUBJECT ADDED ENTRY--TOPICAL TERM
Topical term or geographic name entry element Folk Music---History and Criticism
9 (RLIN) 25371
650 ## - SUBJECT ADDED ENTRY--TOPICAL TERM
Topical term or geographic name entry element Music,Popular
9 (RLIN) 25372
942 ## - ADDED ENTRY ELEMENTS (KOHA)
Source of classification or shelving scheme Library of Congress Classification
Koha item type Music
Suppress in OPAC No
Holdings
Withdrawn status Lost status Source of classification or shelving scheme Damaged status Not for loan Collection Home library Current library Shelving location Date acquired Source of acquisition Total Checkouts Full call number Barcode Date last seen Price effective from Koha item type
    Library of Congress Classification     General Collection Books Main Campus Library Main Campus Library General Stacks 10/07/2025 Donation from books of Africa   ML 3545 .L5 1983 31863/2026 19/05/2026 19/05/2026 Music

Powered by Koha